[Event "European Rapid Championship 2021"]
[Site "Katowice"]
[Date "2021.12.18"]
[Round "3.22"]
[White "Diermair, Andreas"]
[Black "Klepek, Witold"]
[Result "1-0"]
[WhiteElo "2408"]
[BlackElo "2046"]
[Annotator "NA"]
[PlyCount "61"]
[EventDate "2021.12.18"]
[EventType "swiss"]
[EventCountry "POL"]
[SourceTitle "playchess.com"]
[Source "ChessBase"]
[SourceQuality "1"]
[TimeControl "900+10"]

1. d4 {[%emt 0:00:03]} d5 {[%emt 0:00:01]} 2. c4 {[%emt 0:00:01]} e6 {[%emt 0:
00:01]} 3. Nc3 {[%emt 0:00:01]} Bb4 {[%emt 0:00:01]} 4. a3 {[%emt 0:00:06]}
Bxc3+ {[%emt 0:00:02]} 5. bxc3 {[%emt 0:00:01]} Nf6 {[%emt 0:00:02]} 6. e3 {
[%emt 0:00:03]} O-O {[%emt 0:00:08]} 7. cxd5 {[%emt 0:00:04]} exd5 {[%emt 0:00:
07]} 8. Bd3 {[%emt 0:00:02]} b6 {[%emt 0:00:25]} 9. Ne2 {[%emt 0:00:08]} Bb7 {
[%emt 0:00:09]} 10. O-O {[%emt 0:00:12]} Nbd7 {[%emt 0:00:09]} 11. f3 {[%emt 0:
00:15]} Re8 {[%emt 0:00:58]} 12. Ng3 {[%emt 0:00:15]} c5 {[%emt 0:02:55]} 13.
Ra2 {[%emt 0:00:14]} Rc8 {[%emt 0:00:23]} 14. Re2 {[%emt 0:00:31]} Nf8 {
[%emt 0:00:37]} 15. Bb2 {[%emt 0:03:46]} Ne6 {[%emt 0:00:18]} 16. Qd2 {[%emt 0:
00:10]} Qc7 {[%emt 0:00:44]} 17. Ree1 {[%emt 0:00:45]} a6 {[%emt 0:01:30]} 18.
e4 {[%emt 0:01:40]} Qf4 {[%emt 0:01:44]} 19. Qd1 {[%emt 0:00:20]} Qc7 {[%emt 0:
01:23]} 20. e5 {[%emt 0:00:25]} Nd7 {[%emt 0:00:01]} 21. f4 {[%emt 0:00:07]} b5
{[%emt 0:00:37]} 22. f5 {[%emt 0:00:38]} Nef8 {[%emt 0:00:04]} 23. Qg4 {
[%emt 0:00:20]} Qb6 {[%emt 0:00:23]} 24. Kh1 {[%emt 0:00:22]} b4 {[%emt 0:00:
26]} 25. Nh5 {[%emt 0:01:09]} g6 {[%emt 0:00:02]} 26. Qg5 {[%emt 0:00:59]} bxc3
{[%emt 0:01:03]} 27. Bxc3 {[%emt 0:01:05]} cxd4 {[%emt 0:00:30]} 28. Bb4 {
[%emt 0:01:19]} Rc6 {[%emt 0:01:45]} 29. Bxf8 {[%emt 0:00:53]} Nxf8 {[%emt 0:
00:11]} 30. Qh6 {[%emt 0:00:51]} gxh5 {[%emt 0:00:11]} 31. f6 {[%emt 0:00:02]}
1-0

[Event "European Rapid Championship 2021"]
[Site "Katowice"]
[Date "2021.12.18"]
[Round "3.22"]
[White "Mulet, Piotr"]
[Black "Lascar, Radoslawa"]
[Result "1-0"]
[WhiteElo "2175"]
[BlackElo "1695"]
[Annotator "NA"]
[PlyCount "83"]
[EventDate "2021.12.18"]
[EventType "swiss"]
[EventCountry "POL"]
[SourceTitle "playchess.com"]
[Source "ChessBase"]
[SourceQuality "1"]
[TimeControl "900+10"]

1. e4 {[%emt 0:00:03]} c5 {[%emt 0:00:02]} 2. c3 {[%emt 0:00:02]} d5 {[%emt 0:
00:09]} 3. exd5 {[%emt 0:00:01]} Qxd5 {[%emt 0:00:02]} 4. d4 {[%emt 0:00:03]}
Nc6 {[%emt 0:00:11]} 5. Nf3 {[%emt 0:00:02]} Bg4 {[%emt 0:00:07]} 6. Be2 {
[%emt 0:00:01]} cxd4 {[%emt 0:00:13]} 7. cxd4 {[%emt 0:00:04]} e6 {[%emt 0:00:
11]} 8. h3 {[%emt 0:00:02]} Bh5 {[%emt 0:00:02]} 9. Nc3 {[%emt 0:00:05]} Qa5 {
[%emt 0:00:21]} 10. d5 {[%emt 0:00:14]} exd5 {[%emt 0:00:51]} 11. Nd4 {[%emt 0:
00:09]} Bg6 {[%emt 0:01:47]} 12. O-O {[%emt 0:00:24]} Nf6 {[%emt 0:01:37]} 13.
Bb5 {[%emt 0:00:19]} Rc8 {[%emt 0:02:35]} 14. Re1+ {[%emt 0:00:02]} Be7 {
[%emt 0:00:08]} 15. Bg5 {[%emt 0:00:08]} Kf8 {[%emt 0:02:09]} 16. Qe2 {[%emt 0:
04:55]} Qd8 {[%emt 0:02:29]} 17. Rad1 {[%emt 0:00:22]} h6 {[%emt 0:01:44]} 18.
Bh4 {[%emt 0:00:19]} Nxd4 {[%emt 0:03:09]} 19. Rxd4 {[%emt 0:00:03]} Rc5 {
[%emt 0:00:06]} 20. Bxf6 {[%emt 0:01:05]} gxf6 {[%emt 0:00:02]} 21. Ba4 {
[%emt 0:00:02]} a6 22. Bb3 {[%emt 0:00:03]} Bd6 {[%emt 0:00:41]} 23. Bxd5 {
[%emt 0:00:34]} Be5 {[%emt 0:00:09]} 24. Bxf7 {[%emt 0:01:16]} Qxd4 {[%emt 0:
00:10]} 25. Bxg6 {[%emt 0:00:02]} Rg8 {[%emt 0:00:09]} 26. Be4 {[%emt 0:00:30]}
Qd7 {[%emt 0:00:07]} 27. Qf3 {[%emt 0:00:48]} b5 {[%emt 0:00:14]} 28. Rd1 {
[%emt 0:00:19]} Qc8 {[%emt 0:00:13]} 29. Qe3 {[%emt 0:00:28]} Bxc3 {[%emt 0:00:
08]} 30. bxc3 {[%emt 0:00:06]} Rxc3 {[%emt 0:00:10]} 31. Qxh6+ {[%emt 0:00:01]}
Rg7 {[%emt 0:00:07]} 32. Qxf6+ {[%emt 0:00:08]} Rf7 {[%emt 0:00:04]} 33. Qh6+ {
[%emt 0:00:09]} Rg7 {[%emt 0:00:07]} 34. g3 {[%emt 0:00:42]} Qe8 {[%emt 0:00:
20]} 35. Qf6+ {[%emt 0:00:29]} Rf7 {[%emt 0:00:08]} 36. Qh8+ {[%emt 0:00:02]}
Ke7 {[%emt 0:00:03]} 37. Qxc3 {[%emt 0:00:03]} Qb8 {[%emt 0:00:21]} 38. Qc5+ {
[%emt 0:00:08]} Kf6 {[%emt 0:00:12]} 39. Rd6+ {[%emt 0:00:24]} Kg7 {[%emt 0:00:
08]} 40. Rg6+ {[%emt 0:00:06]} Kh8 {[%emt 0:00:02]} 41. Qd4+ {[%emt 0:00:16]}
Kh7 {[%emt 0:00:09]} 42. Rb6+ {[%emt 0:00:16]} 1-0

[Event "European Rapid Championship 2021"]
[Site "Katowice"]
[Date "2021.12.18"]
[Round "3.23"]
[White "Mikhaletz, Lubomir"]
[Black "Owoc, Jakub"]
[Result "1-0"]
[WhiteElo "2166"]
[BlackElo "1528"]
[Annotator "NA"]
[PlyCount "75"]
[EventDate "2021.12.18"]
[EventType "swiss"]
[EventCountry "POL"]
[SourceTitle "playchess.com"]
[Source "ChessBase"]
[SourceQuality "1"]
[TimeControl "900+10"]

1. e4 {[%emt 0:00:00]} c6 {[%emt 0:00:01]} 2. d4 {[%emt 0:00:02]} d5 {[%emt 0:
00:01]} 3. e5 {[%emt 0:00:01]} c5 {[%emt 0:00:03]} 4. c4 {[%emt 0:00:10]} cxd4
{[%emt 0:00:17]} 5. Qxd4 {[%emt 0:00:03]} e6 {[%emt 0:00:18]} 6. cxd5 {[%emt 0:
00:08]} Nc6 {[%emt 0:00:08]} 7. Bb5 {[%emt 0:00:15]} Qxd5 {[%emt 0:00:50]} 8.
Qxd5 {[%emt 0:00:29]} exd5 {[%emt 0:00:02]} 9. Nc3 {[%emt 0:00:16]} Be6 {
[%emt 0:00:02]} 10. Nf3 {[%emt 0:00:17]} Bb4 {[%emt 0:00:04]} 11. Bd2 {[%emt 0:
00:53]} a6 {[%emt 0:00:10]} 12. Ba4 {[%emt 0:00:55]} Nge7 {[%emt 0:00:32]} 13.
O-O {[%emt 0:02:38]} O-O {[%emt 0:00:18]} 14. h3 {[%emt 0:00:31]} h6 {[%emt 0:
00:40]} 15. Rfe1 {[%emt 0:00:22]} Rfd8 {[%emt 0:00:35]} 16. Bxc6 {[%emt 0:01:
01]} bxc6 {[%emt 0:00:14]} 17. Na4 {[%emt 0:00:21]} Bxd2 {[%emt 0:02:04]} 18.
Nxd2 {[%emt 0:00:02]} d4 {[%emt 0:00:01]} 19. Nc5 {[%emt 0:02:19]} Rd5 {
[%emt 0:00:04]} 20. Rac1 {[%emt 0:01:03]} Ng6 {[%emt 0:00:18]} 21. Nxe6 {
[%emt 0:00:21]} fxe6 {[%emt 0:00:02]} 22. Rxc6 {[%emt 0:00:06]} Nxe5 {[%emt 0:
00:38]} 23. Rxe6 {[%emt 0:00:13]} Nd3 {[%emt 0:00:01]} 24. Re8+ {[%emt 0:01:23]
} Rxe8 {[%emt 0:00:07]} 25. Rxe8+ {[%emt 0:00:02]} Kf7 {[%emt 0:00:02]} 26. Rb8
{[%emt 0:00:07]} Re5 {[%emt 0:00:43]} 27. Rb7+ {[%emt 0:01:44]} Kg8 {[%emt 0:
00:02]} 28. Rb8+ {[%emt 0:00:44]} Kf7 {[%emt 0:00:01]} 29. Nf3 {[%emt 0:00:11]}
Re2 {[%emt 0:02:44]} 30. Rb3 {[%emt 0:00:51]} Nxb2 {[%emt 0:01:34]} 31. Nxd4 {
[%emt 0:00:02]} Rd2 {[%emt 0:00:26]} 32. Rb7+ {[%emt 0:00:02]} Kg8 {[%emt 0:00:
02]} 33. Nf5 {[%emt 0:00:33]} Nd3 {[%emt 0:00:47]} 34. Rxg7+ {[%emt 0:01:12]}
Kf8 {[%emt 0:00:02]} 35. Rg6 {[%emt 0:00:11]} Rxa2 {[%emt 0:00:02]} 36. Rxh6 {
[%emt 0:00:12]} Nxf2 {[%emt 0:00:04]} 37. Rf6+ {[%emt 0:00:05]} Ke8 {[%emt 0:
01:27]} 38. Ng7+ {[%emt 0:00:11]} 1-0

[Event "European Rapid Championship 2021"]
[Site "Katowice"]
[Date "2021.12.18"]
[Round "3.23"]
[White "Kowalczyk, Mariusz"]
[Black "Gretarsson, Helgi Ass"]
[Result "1-0"]
[WhiteElo "2047"]
[BlackElo "2476"]
[Annotator "ChessBase"]
[PlyCount "91"]
[EventDate "2021.12.18"]
[EventType "swiss"]
[EventCountry "POL"]
[SourceTitle "playchess.com"]
[Source "ChessBase"]
[SourceQuality "1"]
[TimeControl "900+10"]

1. e4 {[%emt 0:00:03]} e5 {[%emt 0:00:01]} 2. Nf3 {[%emt 0:00:13]} Nc6 {
[%emt 0:00:01]} 3. Nc3 {[%emt 0:00:48]} Nf6 {[%emt 0:00:46]} 4. Bc4 {[%emt 0:
00:45]} Nxe4 {[%emt 0:01:36]} 5. Nxe4 {[%emt 0:00:16]} d5 {[%emt 0:00:01]} 6.
Bd3 {[%emt 0:01:41]} dxe4 {[%emt 0:01:20]} 7. Bxe4 {[%emt 0:00:01]} Bd6 {
[%emt 0:04:43]} 8. d4 {[%emt 0:04:29]} exd4 {[%emt 0:00:28]} 9. O-O {[%emt 0:
00:22]} O-O {[%emt 0:00:09]} 10. Bxc6 {[%emt 0:01:20]} bxc6 {[%emt 0:00:02]}
11. Qxd4 {[%emt 0:00:05]} Bf5 {[%emt 0:00:47]} 12. Bf4 {[%emt 0:02:45]} c5 {
[%emt 0:00:01]} 13. Qc4 {[%emt 0:00:20]} Be6 {[%emt 0:00:06]} 14. Qa4 {[%emt 0:
00:10]} Qf6 {[%emt 0:00:12]} 15. Bxd6 {[%emt 0:00:14]} cxd6 {[%emt 0:00:02]}
16. b3 {[%emt 0:00:28]} Bd5 {[%emt 0:00:21]} 17. Qg4 {[%emt 0:00:46]} Qc3 {
[%emt 0:00:51]} 18. Rac1 {[%emt 0:00:34]} Rae8 {[%emt 0:02:16]} 19. Ng5 {
[%emt 0:01:24]} h6 {[%emt 0:00:32]} 20. Qf5 {[%emt 0:00:05]} hxg5 {[%emt 0:01:
03]} 21. Qxd5 {[%emt 0:00:01]} Qf6 {[%emt 0:00:16]} 22. Rfe1 {[%emt 0:00:19]}
g6 {[%emt 0:00:17]} 23. h3 {[%emt 0:00:16]} Kg7 {[%emt 0:00:03]} 24. Rcd1 {
[%emt 0:00:01]} Qc3 {[%emt 0:00:17]} 25. Rxe8 {[%emt 0:01:12]} Rxe8 {[%emt 0:
00:00]} 26. Rd2 {[%emt 0:00:01]} Re6 {[%emt 0:01:01]} 27. a4 {[%emt 0:00:15]}
Qa1+ {[%emt 0:00:15]} 28. Kh2 {[%emt 0:00:01]} Qf6 {[%emt 0:00:01]} 29. a5 {
[%emt 0:00:22]} a6 {[%emt 0:00:21]} 30. g3 {[%emt 0:00:11]} Re1 {[%emt 0:00:08]
} 31. Kg2 {[%emt 0:00:27]} Qe7 {[%emt 0:00:08]} 32. b4 {[%emt 0:00:22]} cxb4 {
[%emt 0:00:53]} 33. Qd4+ {[%emt 0:00:01]} Kh7 {[%emt 0:00:00]} 34. Qxb4 {
[%emt 0:00:00]} Qe6 {[%emt 0:01:24]} 35. Qd4 {[%emt 0:00:10]} Rb1 {[%emt 0:00:
12]} 36. Qe3 {[%emt 0:00:23]} Qc4 {[%emt 0:00:02]} 37. Qd3 {[%emt 0:00:07]} Qe6
{[%emt 0:00:14]} 38. Qd5 {[%emt 0:00:04]} Qf6 {[%emt 0:00:15]} 39. Qxd6 {
[%emt 0:00:11]} Qa1 {[%emt 0:00:01]} 40. Qd4 {[%emt 0:00:16]} Rg1+ {[%emt 0:00:
05]} 41. Kf3 {[%emt 0:00:01]} Qxa5 {[%emt 0:00:01]} 42. Qd5 {[%emt 0:00:10]}
Qc3+ {[%emt 0:00:25]} 43. Rd3 {[%emt 0:00:08]} Qf6+ {[%emt 0:00:01]} 44. Ke2 {
[%emt 0:00:03]} Rc1 {[%emt 0:00:29]} 45. Kd2 {[%emt 0:00:10]} Rh1 {[%emt 0:00:
22]} 46. Qxh1 {[%emt 0:00:04]} 1-0

[Event "European Rapid Championship 2021"]
[Site "Katowice"]
[Date "2021.12.18"]
[Round "3.24"]
[White "Kjartansson, Gudmundur"]
[Black "Koziorowicz, Michal"]
[Result "0-1"]
[WhiteElo "2402"]
[BlackElo "2041"]
[Annotator "NA"]
[PlyCount "76"]
[EventDate "2021.12.18"]
[EventType "swiss"]
[EventCountry "POL"]
[SourceTitle "playchess.com"]
[Source "ChessBase"]
[SourceQuality "1"]
[TimeControl "900+10"]

1. Nf3 {[%emt 0:00:05]} g6 {[%emt 0:00:04]} 2. d4 {[%emt 0:00:05]} Nf6 {
[%emt 0:00:03]} 3. c4 {[%emt 0:00:04]} Bg7 {[%emt 0:00:01]} 4. g3 {[%emt 0:00:
05]} O-O {[%emt 0:00:03]} 5. Bg2 {[%emt 0:00:01]} c6 {[%emt 0:00:15]} 6. O-O {
[%emt 0:00:05]} d5 {[%emt 0:00:02]} 7. b3 {[%emt 0:00:06]} Bf5 {[%emt 0:00:17]}
8. Bb2 {[%emt 0:00:06]} Nbd7 {[%emt 0:00:16]} 9. Nc3 {[%emt 0:00:03]} Rc8 {
[%emt 0:00:31]} 10. e3 {[%emt 0:00:34]} Ne4 {[%emt 0:00:21]} 11. Nh4 {[%emt 0:
00:38]} Nxc3 {[%emt 0:00:04]} 12. Bxc3 {[%emt 0:00:02]} Be6 {[%emt 0:00:08]}
13. cxd5 {[%emt 0:01:46]} cxd5 {[%emt 0:00:05]} 14. Qd3 {[%emt 0:00:11]} Nf6 {
[%emt 0:00:25]} 15. Rfc1 {[%emt 0:00:26]} Qd7 {[%emt 0:00:01]} 16. Bb4 {
[%emt 0:00:41]} Rfe8 {[%emt 0:01:09]} 17. a4 {[%emt 0:00:10]} h6 {[%emt 0:00:
06]} 18. Nf3 {[%emt 0:01:36]} Ne4 {[%emt 0:00:28]} 19. Ne5 {[%emt 0:00:22]}
Bxe5 {[%emt 0:00:03]} 20. dxe5 {[%emt 0:00:02]} a5 {[%emt 0:02:07]} 21. Ba3 {
[%emt 0:05:13]} Rxc1+ {[%emt 0:00:17]} 22. Rxc1 {[%emt 0:00:02]} Rc8 {[%emt 0:
00:01]} 23. Rxc8+ {[%emt 0:00:57]} Qxc8 {[%emt 0:00:01]} 24. Bxe4 {[%emt 0:00:
03]} dxe4 {[%emt 0:00:02]} 25. Qxe4 {[%emt 0:00:02]} Qc3 {[%emt 0:00:21]} 26.
Qd4 {[%emt 0:01:50]} Qxb3 {[%emt 0:00:30]} 27. Bxe7 {[%emt 0:00:12]} Bd5 {
[%emt 0:00:28]} 28. e4 {[%emt 0:01:48]} Qb1+ {[%emt 0:00:18]} 29. Kg2 {[%emt 0:
00:01]} Bxe4+ {[%emt 0:01:45]} 30. f3 {[%emt 0:00:06]} Bd3 {[%emt 0:00:38]} 31.
g4 {[%emt 0:00:47]} Qf1+ {[%emt 0:00:14]} 32. Kg3 {[%emt 0:00:01]} Qe1+ {
[%emt 0:00:04]} 33. Kf4 {[%emt 0:00:43]} g5+ {[%emt 0:00:24]} 34. Bxg5 {
[%emt 0:00:02]} Qd2+ {[%emt 0:00:02]} 35. Kg3 {[%emt 0:00:04]} hxg5 {[%emt 0:
00:03]} 36. Qd8+ {[%emt 0:01:23]} Kh7 {[%emt 0:00:07]} 37. Qf6 {[%emt 0:00:20]}
Qe1+ {[%emt 0:00:04]} 38. Kg2 {[%emt 0:00:02]} Bf1+ {[%emt 0:00:02]} 0-1

[Event "European Rapid Championship 2021"]
[Site "Katowice"]
[Date "2021.12.18"]
[Round "3.24"]
[White "Jedrusik, Adam"]
[Black "Sliwicka, Alicja"]
[Result "0-1"]
[WhiteElo "1769"]
[BlackElo "2303"]
[Annotator "NA"]
[PlyCount "90"]
[EventDate "2021.12.18"]
[EventType "swiss"]
[EventCountry "POL"]
[SourceTitle "playchess.com"]
[Source "ChessBase"]
[SourceQuality "1"]
[TimeControl "900+10"]

1. d4 {[%emt 0:00:01]} Nf6 {[%emt 0:00:01]} 2. Bg5 {[%emt 0:00:01]} Ne4 {
[%emt 0:00:04]} 3. Bf4 {[%emt 0:00:02]} c5 {[%emt 0:00:01]} 4. f3 {[%emt 0:00:
25]} Qa5+ {[%emt 0:00:15]} 5. c3 {[%emt 0:00:02]} Nf6 {[%emt 0:00:37]} 6. Nd2 {
[%emt 0:00:02]} cxd4 {[%emt 0:00:10]} 7. Nb3 {[%emt 0:00:01]} Qb6 {[%emt 0:00:
14]} 8. Qxd4 {[%emt 0:00:11]} Qxd4 {[%emt 0:00:30]} 9. Nxd4 {[%emt 0:00:12]} d6
{[%emt 0:01:24]} 10. Bg5 {[%emt 0:01:31]} a6 {[%emt 0:00:34]} 11. e4 {[%emt 0:
00:12]} e6 {[%emt 0:00:18]} 12. Bc4 {[%emt 0:00:56]} Be7 {[%emt 0:00:08]} 13.
Nge2 {[%emt 0:00:04]} Nc6 {[%emt 0:00:24]} 14. O-O-O {[%emt 0:00:33]} Bd7 {
[%emt 0:00:13]} 15. Bb3 {[%emt 0:00:59]} O-O {[%emt 0:00:27]} 16. Kb1 {[%emt 0:
02:24]} Rfc8 {[%emt 0:00:37]} 17. Nc1 {[%emt 0:00:28]} Na5 {[%emt 0:00:16]} 18.
Bc2 {[%emt 0:00:34]} Nc4 {[%emt 0:00:08]} 19. Nd3 {[%emt 0:00:31]} b5 {[%emt 0:
00:17]} 20. Rhe1 {[%emt 0:00:28]} Rab8 {[%emt 0:02:23]} 21. f4 {[%emt 0:00:21]}
h6 {[%emt 0:01:24]} 22. Bh4 {[%emt 0:00:26]} g5 {[%emt 0:00:02]} 23. fxg5 {
[%emt 0:00:44]} Ng4 {[%emt 0:00:02]} 24. Nf3 {[%emt 0:00:25]} Nge3 {[%emt 0:00:
16]} 25. Rc1 {[%emt 0:00:56]} Nxg2 {[%emt 0:00:35]} 26. Rg1 {[%emt 0:00:00]}
Nxh4 {[%emt 0:00:02]} 27. Nxh4 {[%emt 0:00:01]} hxg5 {[%emt 0:00:32]} 28. Nf3 {
[%emt 0:00:03]} Kf8 {[%emt 0:00:42]} 29. Rce1 {[%emt 0:00:37]} f6 {[%emt 0:00:
29]} 30. h4 {[%emt 0:01:42]} gxh4 {[%emt 0:00:03]} 31. Nxh4 {[%emt 0:00:06]}
Kf7 {[%emt 0:00:08]} 32. Nf4 {[%emt 0:00:28]} Ne5 {[%emt 0:00:29]} 33. Bb3 {
[%emt 0:00:41]} Nc4 {[%emt 0:01:14]} 34. Rg2 {[%emt 0:01:58]} Rg8 {[%emt 0:00:
07]} 35. Nhg6 {[%emt 0:00:01]} Bc6 {[%emt 0:00:49]} 36. Bc2 {[%emt 0:00:20]} e5
{[%emt 0:00:42]} 37. Rh1 {[%emt 0:00:18]} Bf8 {[%emt 0:02:53]} 38. Rh7+ {
[%emt 0:01:49]} Rg7 {[%emt 0:00:47]} 39. Nxf8 {[%emt 0:00:46]} Rxh7 {[%emt 0:
00:01]} 40. Nxh7 {[%emt 0:00:01]} exf4 {[%emt 0:00:02]} 41. Rf2 {[%emt 0:00:21]
} Rh8 {[%emt 0:00:05]} 42. Rh2 {[%emt 0:00:15]} Kg7 {[%emt 0:00:26]} 43. e5 {
[%emt 0:00:01]} dxe5 {[%emt 0:00:17]} 44. Rh4 {[%emt 0:00:09]} Ne3 {[%emt 0:00:
08]} 45. Bd3 {[%emt 0:00:05]} e4 {[%emt 0:00:08]} 0-1

[Event "European Rapid Championship 2021"]
[Site "Katowice"]
[Date "2021.12.18"]
[Round "3.25"]
[White "Semjonovs, Ilja"]
[Black "Zapalowska, Wiktoria"]
[Result "1/2-1/2"]
[WhiteElo "2383"]
[BlackElo "1288"]
[Annotator "ChessBase"]
[PlyCount "156"]
[EventDate "2021.12.18"]
[EventType "swiss"]
[EventCountry "POL"]
[SourceTitle "playchess.com"]
[Source "ChessBase"]
[SourceQuality "1"]
[TimeControl "900+10"]

1. d4 {[%emt 0:00:04]} d5 {[%emt 0:00:01]} 2. Nf3 {[%emt 0:00:02]} Nf6 {
[%emt 0:00:01]} 3. Bg5 {[%emt 0:00:02]} Bf5 {[%emt 0:00:04]} 4. e3 {[%emt 0:00:
04]} e6 {[%emt 0:00:03]} 5. Bd3 {[%emt 0:00:05]} Bxd3 {[%emt 0:00:03]} 6. Qxd3
{[%emt 0:00:04]} Be7 {[%emt 0:00:06]} 7. Nbd2 {[%emt 0:00:08]} O-O {[%emt 0:00:
06]} 8. O-O {[%emt 0:00:10]} h6 {[%emt 0:00:04]} 9. Bh4 {[%emt 0:00:05]} Nbd7 {
[%emt 0:00:14]} 10. c3 {[%emt 0:01:21]} a6 {[%emt 0:00:52]} 11. Rac1 {[%emt 0:
01:40]} c5 {[%emt 0:00:27]} 12. Rfd1 {[%emt 0:00:18]} b5 {[%emt 0:00:43]} 13.
Bg3 {[%emt 0:00:56]} Rc8 {[%emt 0:01:06]} 14. Ne5 {[%emt 0:01:55]} c4 {[%emt 0:
00:43]} 15. Qc2 {[%emt 0:00:26]} Nb6 {[%emt 0:00:55]} 16. f4 {[%emt 0:01:18]}
g6 {[%emt 0:01:54]} 17. Bh4 {[%emt 0:03:14]} Nh5 {[%emt 0:02:58]} 18. Bf2 {
[%emt 0:02:38]} Ng7 {[%emt 0:01:54]} 19. g4 {[%emt 0:01:44]} Nd7 {[%emt 0:00:
35]} 20. Nf1 {[%emt 0:00:56]} Nxe5 {[%emt 0:01:13]} 21. dxe5 {[%emt 0:00:07]}
f6 {[%emt 0:00:38]} 22. exf6 {[%emt 0:00:33]} Rxf6 {[%emt 0:00:14]} 23. Bh4 {
[%emt 0:00:08]} g5 {[%emt 0:00:07]} 24. fxg5 {[%emt 0:00:12]} hxg5 {[%emt 0:00:
02]} 25. Bg3 {[%emt 0:00:25]} Bd6 {[%emt 0:00:50]} 26. e4 {[%emt 0:00:16]} Bxg3
{[%emt 0:00:45]} 27. Nxg3 {[%emt 0:00:02]} Qb6+ {[%emt 0:00:02]} 28. Kg2 {
[%emt 0:00:07]} Rcf8 {[%emt 0:00:48]} 29. Rf1 {[%emt 0:00:44]} Rxf1 {[%emt 0:
00:47]} 30. Rxf1 {[%emt 0:00:02]} Rxf1 {[%emt 0:00:01]} 31. Nxf1 {[%emt 0:00:
06]} d4 {[%emt 0:00:24]} 32. cxd4 {[%emt 0:00:19]} Qxd4 {[%emt 0:00:01]} 33.
Nd2 {[%emt 0:00:02]} Qe5 {[%emt 0:01:00]} 34. Nf3 {[%emt 0:00:19]} Qf4 {
[%emt 0:00:01]} 35. h3 {[%emt 0:00:00]} Ne8 {[%emt 0:00:01]} 36. b3 {[%emt 0:
00:09]} Nd6 {[%emt 0:00:18]} 37. bxc4 {[%emt 0:00:26]} Nxe4 {[%emt 0:00:15]}
38. Qe2 {[%emt 0:00:07]} Qg3+ {[%emt 0:00:15]} 39. Kf1 {[%emt 0:00:00]} Qxh3+ {
[%emt 0:00:04]} 40. Ke1 {[%emt 0:00:13]} Qh1+ {[%emt 0:00:22]} 41. Qf1 {
[%emt 0:00:00]} Qxf1+ {[%emt 0:00:01]} 42. Kxf1 {[%emt 0:00:01]} bxc4 {[%emt 0:
00:02]} 43. Ke2 {[%emt 0:00:12]} c3 {[%emt 0:00:18]} 44. Kd3 {[%emt 0:00:04]}
Nf2+ {[%emt 0:00:27]} 45. Kxc3 {[%emt 0:00:02]} Nxg4 {[%emt 0:00:01]} 46. Nxg5
{[%emt 0:00:02]} e5 {[%emt 0:00:03]} 47. Kb4 {[%emt 0:00:03]} Kf8 {[%emt 0:00:
08]} 48. Ka5 {[%emt 0:00:02]} Nf6 {[%emt 0:00:04]} 49. Kxa6 {[%emt 0:00:10]} e4
{[%emt 0:00:01]} 50. a4 {[%emt 0:00:46]} Ke8 {[%emt 0:00:16]} 51. a5 {[%emt 0:
00:09]} Kd8 {[%emt 0:00:19]} 52. Kb7 {[%emt 0:00:04]} Nd7 {[%emt 0:00:06]} 53.
Nxe4 {[%emt 0:00:12]} Nf8 {[%emt 0:00:28]} 54. a6 {[%emt 0:00:04]} Ne6 {
[%emt 0:00:01]} 55. a7 {[%emt 0:00:05]} Nc7 {[%emt 0:00:02]} 56. Nc5 {[%emt 0:
00:20]} Na8 {[%emt 0:00:15]} 57. Kb8 {[%emt 0:00:35]} Nb6 {[%emt 0:00:22]} 58.
Na4 {[%emt 0:00:15]} Na8 {[%emt 0:00:17]} 59. Kxa8 {[%emt 0:00:01]} Kc8 {
[%emt 0:00:03]} 60. Nc3 {[%emt 0:00:06]} Kc7 {[%emt 0:00:03]} 61. Ne2 {[%emt 0:
00:02]} Kc8 {[%emt 0:00:04]} 62. Ng3 {[%emt 0:00:32]} Kc7 {[%emt 0:00:02]} 63.
Nh5 {[%emt 0:00:06]} Kc8 {[%emt 0:00:02]} 64. Nf6 {[%emt 0:00:01]} Kc7 {
[%emt 0:00:02]} 65. Ne4 {[%emt 0:00:13]} Kc8 {[%emt 0:00:01]} 66. Nd2 {[%emt 0:
00:17]} Kc7 {[%emt 0:00:01]} 67. Nb3 {[%emt 0:00:08]} Kc8 {[%emt 0:00:02]} 68.
Na5 {[%emt 0:00:15]} Kc7 {[%emt 0:00:01]} 69. Nc4 {[%emt 0:00:11]} Kc8 {
[%emt 0:00:01]} 70. Nd2 {[%emt 0:00:13]} Kc7 {[%emt 0:00:01]} 71. Nf1 {[%emt 0:
00:07]} Kc8 {[%emt 0:00:01]} 72. Nh2 {[%emt 0:00:04]} Kc7 {[%emt 0:00:02]} 73.
Nf3 {[%emt 0:00:05]} Kc8 {[%emt 0:00:03]} 74. Ne5 {[%emt 0:00:23]} Kc7 {
[%emt 0:00:01]} 75. Ng4 {[%emt 0:00:11]} Kc8 {[%emt 0:00:01]} 76. Nf6 {[%emt 0:
00:02]} Kc7 {[%emt 0:00:01]} 77. Ne8+ {[%emt 0:00:01]} Kc8 {[%emt 0:00:02]} 78.
Nc7 {[%emt 0:00:08]} Kxc7 {[%emt 0:00:02]} 1/2-1/2

[Event "European Rapid Championship 2021"]
[Site "Katowice"]
[Date "2021.12.18"]
[Round "3.25"]
[White "Castejon Caballero, Andres"]
[Black "Wieczorek, Oskar"]
[Result "0-1"]
[WhiteElo "2056"]
[BlackElo "2367"]
[Annotator "ChessBase"]
[PlyCount "66"]
[EventDate "2021.12.18"]
[EventType "swiss"]
[EventCountry "POL"]
[SourceTitle "playchess.com"]
[Source "ChessBase"]
[SourceQuality "1"]
[TimeControl "900+10"]

1. e4 {[%emt 0:00:02]} c5 {[%emt 0:00:01]} 2. Nf3 {[%emt 0:00:02]} d6 {[%emt 0:
00:01]} 3. d4 {[%emt 0:00:02]} cxd4 {[%emt 0:00:02]} 4. Nxd4 {[%emt 0:00:02]}
Nf6 {[%emt 0:00:01]} 5. Nc3 {[%emt 0:00:02]} Nc6 {[%emt 0:00:02]} 6. Be2 {
[%emt 0:00:21]} e5 {[%emt 0:00:09]} 7. Nb3 {[%emt 0:00:15]} Be7 {[%emt 0:00:08]
} 8. O-O {[%emt 0:00:10]} O-O {[%emt 0:00:03]} 9. Be3 {[%emt 0:00:23]} a5 {
[%emt 0:00:10]} 10. a4 {[%emt 0:00:09]} Be6 {[%emt 0:01:24]} 11. Nd2 {[%emt 0:
01:28]} Nb4 {[%emt 0:02:38]} 12. Nc4 {[%emt 0:01:42]} d5 {[%emt 0:00:45]} 13.
Bb6 {[%emt 0:03:43]} Qc8 {[%emt 0:03:33]} 14. exd5 {[%emt 0:00:02]} Nbxd5 {
[%emt 0:03:55]} 15. Nxd5 {[%emt 0:00:03]} Nxd5 {[%emt 0:00:02]} 16. Bxa5 {
[%emt 0:02:37]} Nf4 {[%emt 0:00:20]} 17. Nb6 {[%emt 0:00:15]} Qc7 {[%emt 0:00:
01]} 18. Nxa8 {[%emt 0:00:45]} Qxa5 {[%emt 0:00:05]} 19. Bf3 {[%emt 0:01:01]}
Qxa8 {[%emt 0:01:09]} 20. a5 {[%emt 0:00:10]} Qb8 {[%emt 0:00:40]} 21. Qd2 {
[%emt 0:01:57]} f5 {[%emt 0:01:17]} 22. g3 {[%emt 0:00:33]} Nh3+ {[%emt 0:00:
07]} 23. Kg2 {[%emt 0:00:13]} e4 {[%emt 0:00:05]} 24. Be2 {[%emt 0:00:07]} f4 {
[%emt 0:00:13]} 25. f3 {[%emt 0:00:01]} Ng5 {[%emt 0:01:16]} 26. g4 {[%emt 0:
01:36]} exf3+ {[%emt 0:00:11]} 27. Bxf3 {[%emt 0:00:01]} Nxf3 {[%emt 0:00:06]}
28. Rxf3 {[%emt 0:01:01]} Bxg4 {[%emt 0:00:01]} 29. Qd5+ {[%emt 0:00:01]} Kh8 {
[%emt 0:00:04]} 30. Rb3 {[%emt 0:00:01]} f3+ {[%emt 0:00:16]} 31. Kg1 {[%emt 0:
00:08]} f2+ {[%emt 0:00:55]} 32. Kg2 {[%emt 0:00:10]} Qf4 {[%emt 0:00:21]} 33.
Rf1 {[%emt 0:01:23]} Be2 {[%emt 0:00:02]} 0-1